Computers Tools for an Information AGE
| Main Author: | |
|---|---|
| Format: | Section = Libro |
| Language: | Undetermined Spanish |
| Published: |
United States
The Benjamin
1987
|
| Subjects: |
| LEADER | 00608nam a2200217Ia 4500 | ||
|---|---|---|---|
| 008 | 240830s9999 xx 000 0 und d | ||
| 020 | |a 0-8053-2249-3 | ||
| 040 | |a CEDOC FIQ-RUSB / 511 C254 | ||
| 041 | |a spa | ||
| 082 | |a 511 C254 | ||
| 100 | 1 | |a Capron, H. L | |
| 245 | 1 | 0 | |a Computers Tools for an Information AGE |
| 260 | |a United States |b The Benjamin |c 1987 | ||
| 300 | |a 654 p.: il. | ||
| 650 | 7 | |a ANÁLISIS NÚMERICO | |
| 650 | 7 | |b LA REVOLUCIÓN INACABADA | |
| 650 | 7 | |c VISIÓN GENERAL DE UN SISTEMA DE COMPUTADORA | |
| 650 | 7 | |d HISTORIA E INDUSTRIA | |
| 942 | |c BK |2 ddc | ||
| 991 | |a TEXTO | ||
| 999 | |c 13145 | ||